| 000 | 00578nam a2200217Ia 4500 | ||
|---|---|---|---|
| 003 | OSt | ||
| 005 | 20230421151313.0 | ||
| 008 | 210423s2009 xx 000 0 und d | ||
| 020 | _a9788131728536 | ||
| 040 | _cAL | ||
| 041 | _aeng | ||
| 082 |
_a515 _223 _b FAUL |
||
| 100 |
_aFAUSETT (Laurene V). _991636 |
||
| 245 | _aApplied numerical analysis: using MATLAB. | ||
| 250 | _a2 | ||
| 260 |
_aNew Delhi _bPearson Education Pvt Ltd _c2009 |
||
| 300 |
_axiii,697 _bPB |
||
| 365 |
_b499 _cINR |
||
| 906 | _aanalysis: ; Applied ; MATLAB. ; numerical ; using | ||
| 942 |
_2ddc _cBK |
||
| 999 |
_c160898 _d160898 |
||